| 000 | 00492nam a2200181Ia 4500 | ||
|---|---|---|---|
| 008 | 230125s9999 xx 000 0 und d | ||
| 020 | _a0-02-929270-0 | ||
| 041 | _aeng | ||
| 082 |
_a920.650 _bSCH |
||
| 100 |
_aSchonberger R J _9114003 |
||
| 245 | _aWord class manufacturing-the lesson of simplicity | ||
| 260 |
_c1986 _bThe free press _aNew York |
||
| 300 | _a253p | ||
| 500 | _aCompany profile | ||
| 650 | _aCompany Profile | ||
| 700 |
_aSchonberger R J _9114003 |
||
| 999 |
_c91280 _d91280 |
||